000 00457nab a2200145Ia 4500
003 ES-SlBCS
005 20210601134321.0
008 140529s1982 xxu||||| |||| 00| 0 spa d
041 _aspa
100 1 _aGalgano, Francesco
_9216723
245 0 0 _aTeorías e ideologías del negocio jurídico
_c Francesco Galgano
650 0 4 _aNegocio Jurídico
_9216724
773 0 _tAnales de la Catedra Francisco Suarez
_gnº. 22, 1982, págs. 39-70
_wRev1020
942 _cAR
999 _c610876
_d610876